Land zu Währung - Statistiken

Allgemein
  • Dieses Quiz wurde 189 mal gespielt
  • Das Durchschnittsergebnis liegt bei 8 aus 15
Antwortstatistiken
Hint Antwort % Korrekt
Japan Yen
93%
Australien Dollar
87%
Südkorea Won
72%
Indien Rupie
71%
Thailand Baht
61%
Kolumbien Peso
54%
Venezuela Bolivar
52%
Südafrika Rand
52%
Nigeria Naira
51%
Marokko Dirham
46%
Rumänien Leu
44%
Montenegro Euro
43%
Albanien Lek
43%
China Renminbi Yuan
38%
Indonesien Rupiah
33%
Keine übereinstimmenden Quizze gefunden
Verteilung der Resultate
Anzahl Personen mit jedem Resultat
Perzentil nach korrekt beantworteten Fragen
Ihre Resultats-Entwicklung
Sie haben dieses Quiz noch nicht gespielt